00347nam a2200121Ia 4500008004100000020002200041082001900063245001700082250000700099260003000106300001400136650007500150120629s9999 xx 000 0 und d a978-607-406-220-5 a343.7204 F528f aFisco Nomina a31 aMéxico : Ediciones ISEF aIrregular a1. IMPUESTO-LEGISLACION MEXICO- \ 2. SALARIOS MEXICO \ 3. IMPUESTOSÌ